| 000 | 00487nam a2200193Ia 4500 | ||
|---|---|---|---|
| 005 | 20250423094304.0 | ||
| 008 | 250422s9999 xx 000 0 und d | ||
| 020 | _a8121924405 | ||
| 050 | _aTK 146 .T435/ | ||
| 100 | _aTheraja, B.L. | ||
| 245 | 2 | _aA textbook of electrical technology : basic electrical engineering in S.I. system of units | |
| 250 | _a23rd .ed | ||
| 260 | _aNew Delhi | ||
| 260 | _bS.Chand | ||
| 260 | _c2005 | ||
| 300 | _a864 p | ||
| 650 | _aEE | ||
| 942 | _cBK | ||
| 999 |
_c26810 _d26810 |
||